000 00295nam a22001337a 4500
008 170623b xxu||||| |||| 00| 0 eng d
020 _a9780070441675
041 _aeng
080 _a32
100 _a21
101 _aSHP
245 _aCOURTS, JUDGES & POLITICS
_cMURPHY, W.F
942 _2udc
_cBK
999 _c18930
_d18930